| 000 | 00660nam a2200205Ia 4500 | ||
|---|---|---|---|
| 001 | 10250 | ||
| 003 | GE_BSU | ||
| 008 | 181216s||||||||xx |||||||||||||| ||und|| | ||
| 040 | _cGE_BSU | ||
| 080 | _a821.353.1–1 | ||
| 100 | _aსეიდიშვილი,ლადო | ||
| 245 | _aლექსები:მონოლოგები | ||
| 245 | _cრედ.თ.ჩხენკელი,მხატვ.ჯ.მიქელაძე | ||
| 260 | _aბათუმი | ||
| 260 | _bსაბჭოთა აჭარა | ||
| 260 | _c1979 | ||
| 300 | _a71გვ.16სმ. | ||
| 653 | _aლექსები:მონოლოგები | ||
| 942 | _cBK | ||
| 999 |
_c43519 _d43519 |
||